| 000 | 00726cab a2200217 4500 | ||
|---|---|---|---|
| 001 | ABS51188 | ||
| 008 | 090401t1994 xxu||||| |||| 00| 0 eng d | ||
| 035 | _a(Sirsi) u14249 | ||
| 041 | _aeng | ||
| 245 | _aAuctions | ||
| 260 | _c1994 | ||
| 350 | _a0 | ||
| 490 |
_aProperty Week _v48(8) 25 August 1994, 43-61(8) |
||
| 520 | _aSpecial feature on auctions including articles on the moves by the RICS and ISVA to issue guidelines to stop disreputable auctioneers, the effect of the number of repossessed properties and the rise in out-of-London auctions. | ||
| 650 | _aCODES OF CONDUCT | ||
| 650 |
_aAuctioneering _96218 |
||
| 650 | _aREPOSSESSIONS | ||
| 690 |
_aAuctioneering _96218 |
||
| 942 | _n0 | ||
| 948 | _c04/03/1997 | ||
| 999 |
_c9260 _d9260 |
||